Jennie - Starlight (Lyrics) - Statistics

General Stats
  • This quiz has been taken 50 times
  • The average score is 200 of 240
Answer Stats
Lyrics % Correct
I
100%
in
100%
me
100%
starlight
100%
Starlight
100%
the
100%
You
100%
you
100%
a
96%
and
96%
And
96%
bright
96%
bright,
96%
my
96%
don't
92%
say
92%
see
92%
see?
92%
Shining
92%
so
92%
So
92%
What
92%
what
92%
When
92%
about
88%
between?
88%
black
88%
just
88%
night
88%
said
88%
Said,
88%
make
84%
mama
84%
moments
84%
prouder
84%
wanna
84%
hours
80%
mystery?
80%
remember
80%
Remember
80%
Yeah,
80%
yeah,
80%
yeah
80%
after
76%
deeper
76%
I'm
76%
It's
76%
it's
76%
many
76%
of
76%
on
76%
time,
76%
time
76%
louder
72%
pristine
72%
shit
72%
soul
72%
that
72%
think
72%
tired
72%
way
72%
all
68%
been
68%
every
68%
has
68%
know
68%
than
68%
this
68%
to
68%
was
68%
white,
68%
away
64%
lie,
64%
lie
64%
Now
64%
out
64%
out,"
64%
shower
64%
we
64%
comes
60%
everything
60%
feel
60%
levitate
60%
Put
60%
stupid
60%
Truth
60%
cold
56%
where
56%
"Bitch,
52%
took
52%
chill
48%
getting
48%
not
48%
'Cause
44%
fake
44%
gon'
44%
Gon'
44%
gravitate
44%
real,
44%
808
40%
Like
36%
started
36%
thoughts
36%
Novocaine
20%
No matching quizzes found
Score Distribution
Percent of People with Each Score
Percentile by Number Answered
Your Score History
You have not taken this quiz